Österreichische Autokennzeichen (mittel) - Statistiken

Allgemein
  • Dieses Quiz wurde 133 mal gespielt
  • Das Durchschnittsergebnis liegt bei 7 aus 9
Antwortstatistiken
1 2 A % Korrekt
VI Kärnten Villach
95%
DO Vorarlberg Dornbirn
88%
WN Niederösterreich Wiener Neustadt
84%
ZE Salzburg Zell am See
81%
FK Vorarlberg Feldkirch
79%
HA Salzburg Hallein
78%
SP Kärnten Spittal an der Drau
72%
LN Steiermark Leoben
63%
KS Niederösterreich Krems an der Donau
62%
Keine übereinstimmenden Quizze gefunden
Verteilung der Resultate
Anzahl Personen mit jedem Resultat
Perzentil nach korrekt beantworteten Fragen
Ihre Resultats-Entwicklung
Sie haben dieses Quiz noch nicht gespielt